| 000 | 01508cam a22003011i 4500 | ||
|---|---|---|---|
| 003 | SA-RiAUC | ||
| 005 | 20250413053400.0 | ||
| 008 | 250410s1984 su f 00010 ara c | ||
| 040 |
_aSA-RiAUC _bara _cSA-RiAUC _erda |
||
| 082 | 0 | 4 |
_a415.1 _qSA-RiAUC |
| 090 |
_a415.1 _bا س ف |
||
| 100 | 1 |
_aالأسفراييني، محمد بن محمد بن أحمد، _dتوفي 684 هجري _eمؤلف. |
|
| 245 | 1 | 0 |
_aلباب الإعراب / _cتاج الدين محمد بن محمد بن أحمد الأسفراييني ؛ دراسة وتحقيق بهاء الدين عبد الوهاب عبد الرحمن. |
| 250 | _aالطبعة الأولى. | ||
| 264 | 1 |
_aالرياض : _bدار الرفاعي للنشر والطباعة والتوزيع، _c1984 |
|
| 300 |
_a566 صفحة ؛ _c25 سم. |
||
| 336 |
_aنص _btxt _2rdacontent _3كتاب |
||
| 337 |
_aبدون وسيط _bn _2rdamedia |
||
| 338 |
_aمجلد _bnc _2rdacarrier |
||
| 490 | 1 |
_aالمكتبة التراثية ؛ _v2 |
|
| 500 | _aالأصل أطروحة ماجستير-جامعة الإمام، 1401 هـ. | ||
| 650 | 7 |
_aاللغة العربية _xنحو _2aucsh |
|
| 700 | 1 |
_aعبد الرحمن، بهاء الدين عبد الوهاب، _d1953- _eمحقق. |
|
| 700 | 1 | 2 |
_iتحقيق لـ (عمل) : _aالأسفراييني، محمد بن محمد بن أحمد، _dتوفي 684 هجري. _tلباب الإعراب |
| 830 | 2 |
_aالمكتبة التراثية _v2 |
|
| 942 |
_2ddc _cBOOK _n0 |
||
| 949 |
_aSA-JeALM _d250410 _umohamedma123 _n1 |
||
| 999 |
_c6928 _d6928 |
||